Consumer behaviour : (Record no. 1036)

MARC details
000 -LEADER
fixed length control field 00786nam a2200217 ar4500
001 - CONTROL NUMBER
control field 1037
005 - DATE AND TIME OF LATEST TRANSACTION
control field 20221127090113.0
008 - FIXED-LENGTH DATA ELEMENTS--GENERAL INFORMATION
fixed length control field 081022s xxua 00110 eng d
020 ## - INTERNATIONAL STANDARD BOOK NUMBER
International Standard Book Number 0131740407(hpb) :
Terms of availability SR316.00.
082 04 - DEWEY DECIMAL CLASSIFICATION NUMBER
Classification number 658.8342
Item number So47 2008
100 1# - MAIN ENTRY--PERSONAL NAME
Personal name Solomon, Michael R.
245 10 - TITLE STATEMENT
Title Consumer behaviour :
Remainder of title buying, having, and being /
Statement of responsibility, etc. M. R. Solomon, J. Zaichkowsky, R. Polegato.
250 ## - EDITION STATEMENT
Edition statement 4th Canadian ed.
260 ## - PUBLICATION, DISTRIBUTION, ETC.
Place of publication, distribution, etc. Toronto ;
-- Uppler Saddle River, NJ :
Name of publisher, distributor, etc. Pearson/Prentice Hall,
Date of publication, distribution, etc. 2008.
300 ## - PHYSICAL DESCRIPTION
Extent xvii, 589 p. :
Other physical details ill.(chiefly col.) ;
Dimensions 29 cm.
504 ## - BIBLIOGRAPHY, ETC. NOTE
Bibliography, etc. note Includes bibl. references and index.
650 #4 - SUBJECT ADDED ENTRY--TOPICAL TERM
Topical term or geographic name entry element Consumer behavior.
650 #4 - SUBJECT ADDED ENTRY--TOPICAL TERM
Topical term or geographic name entry element Marketing
General subdivision Management.
700 0# - ADDED ENTRY--PERSONAL NAME
Personal name Zaichkowsky, Judith Lynne,
Relator term jt. auth.
700 0# - ADDED ENTRY--PERSONAL NAME
Personal name Polegato, Rosemary,
Relator term jt. auth.
Holdings
Withdrawn status Lost status Source of classification or shelving scheme Damaged status Not for loan Home library Current library Date acquired Total Checkouts Full call number Barcode Date last seen Copy number Price effective from Koha item type
              11/27/2022   658.8342 So47 2008 1000000006950 11/27/2022 C7 11/27/2022 Book
          CENTRAL CENTRAL 11/27/2022   658.8342 So47 2008 1000000001932 11/27/2022 C1 11/27/2022 Book
          CENTRAL CENTRAL 11/27/2022   658.8342 So47 2008 1000000001931 11/27/2022 C2 11/27/2022 Book
          CENTRAL CENTRAL 11/27/2022   658.8342 So47 2008 1000000001820 11/27/2022 C3 11/27/2022 Book
          CENTRAL CENTRAL 11/27/2022   658.8342 So47 2008 1000000001822 11/27/2022 C5 11/27/2022 Book
          KHOBAR KHOBAR 11/27/2022   658.8342 So47 2008 1000000001821 11/27/2022 C4 11/27/2022 Book